| 000 | 01871nam a2200397 a 4500 | ||
|---|---|---|---|
| 001 | ebr10516663 | ||
| 003 | CaPaEBR | ||
| 006 | m u | ||
| 007 | cr cn||||||||| | ||
| 008 | 830715s1983 nyuad sb 101 0 eng d | ||
| 010 | _z 83015463 | ||
| 020 | _z0915928779 | ||
| 020 | _z9780915928774 | ||
| 020 | _z9781600863424 (e-book) | ||
| 040 |
_aCaPaEBR _cCaPaEBR |
||
| 035 | _a(OCoLC)774285710 | ||
| 050 | 1 | 4 |
_aQD516 _b.I58 1981eb |
| 082 | 0 | 4 |
_a629.1 s _a621.402/3 _219 |
| 111 | 2 |
_aInternational Colloquium on Gasdynamics of Explosions and Reactive Systems _n(8th : _d1981 : _cMinsk, Belarus) |
|
| 245 | 1 | 0 |
_aFlames, lasers, and reactive systems _h[electronic resource] / _cedited by J.R. Bowen ... [et al.]. |
| 260 |
_aNew York, N.Y. : _bAmerican Institute of Aeronautics and Astronautics, Inc., _cc1983. |
||
| 300 |
_axxiv, 436 p. : _bill. |
||
| 490 | 1 |
_aProgress in astronautics and aeronautics ; _vv. 88 |
|
| 500 | _aCompanion vol. to the colloquium's Shock waves, explosions, and detonations. | ||
| 500 | _a"Technical papers selected from the eighth International Colloquium on Gasdynamics of Explosions and Reactive Systems, Minsk, USSR, August 1981, and subsequently revised for this volume." | ||
| 504 | _aIncludes bibliographical references and index. | ||
| 533 |
_aElectronic reproduction. _bPalo Alto, Calif. : _cebrary, _d2013. _nAvailable via World Wide Web. _nAccess may be limited to ebrary affiliated libraries. |
||
| 650 | 0 |
_aFlame _vCongresses. |
|
| 650 | 0 |
_aLasers _vCongresses. |
|
| 650 | 0 |
_aExplosions _vCongresses. |
|
| 655 | 7 |
_aElectronic books. _2local |
|
| 700 | 1 |
_aBowen, J. R. _q(J. Raymond) |
|
| 710 | 2 | _aebrary, Inc. | |
| 830 | 0 |
_aProgress in astronautics and aeronautics ; _vv. 88. |
|
| 856 | 4 | 0 |
_uhttp://site.ebrary.com/lib/rucke/Doc?id=10516663 _zAn electronic book accessible through the World Wide Web; click to view |
| 999 |
_c121196 _d121196 |
||